| 000 | 00769nam a22002297a 4500 | ||
|---|---|---|---|
| 003 | OSt | ||
| 005 | 20260115024837.0 | ||
| 008 | 260115b |||||||| |||| 00| 0 eng d | ||
| 020 | _a978-621-8035-54-6 | ||
| 040 |
_aDWC-Main lib _cOC |
||
| 082 | _aFil. 808.06 R788t 2019 | ||
| 100 | _aRosa;es, Ma. Junithesmer D. | ||
| 245 |
_aTechnical writing : _ba resource guide to writing across disciplines/ _cMa. Junithesmer D. Rosales |
||
| 260 |
_aQuezon City : _b Lorimar Publishing , _cc2019. |
||
| 300 |
_axviii, 202 pages : _b illustrations ; _c 25cm. |
||
| 504 | _aIncludes bibliographical references | ||
| 650 | _a1. Technical writing | ||
| 650 | _a2. Writing | ||
| 700 | _aErline A. Galano | ||
| 700 | _aJohn Amiel Rivera | ||
| 942 |
_2ddc _cBK - FIL _kFil. _n0 |
||
| 999 |
_c7404 _d7404 |
||